| 000 | 00532nab a2200205 a 4500 | ||
|---|---|---|---|
| 005 | 20210219155306.0 | ||
| 008 | 991125s1985 mx 000 0 spa u | ||
| 035 | _aUPN01000142340 | ||
| 100 | 1 | _aHernández Rodríguez, Gerardo | |
| 222 | 0 | _aREVISTA DE EDUCACION | |
| 245 | 0 | 0 | _aFamilia y ancianos |
| 260 | _aMadrid, España | ||
| 300 | _a129-142 | ||
| 362 | 0 | _a2001 No. 325, may.-ago. | |
| 653 | 0 | _aFAMILIA | |
| 653 | 0 | _aANCIANOS | |
| 653 | 0 | _aRELACIONES INTERPERSONALES | |
| 653 | 0 | _aIMAGEN SOCIAL | |
| 905 | _aArticulo | ||
| 999 |
_c114487 _d114487 |
||